LEADER 00904cam0 2200277 450 001 000004012 005 20090313171627.0 010 $a0-333-96918-9 100 $a20020618d2001----km-y0itay50------ba 101 0 $aeng 102 $aGB$aUS 105 $aa-------001yy 200 1 $aInternational organizations$ea dictionary and directory$fGiuseppe Schiavone 205 $a5th ed. 210 $aHoundmills$aNew York$cPalgrave$dc2001 215 $a348 p.$ctab.$d26 cm 500 10$aInternational organizations$938222 610 1 $aAffari internazionali 610 1 $aOrganizzazioni internazionali$aRepertori 676 $a341.2$v20$9Diritto internazionale. La comunità mondiale 700 1$aSchiavone,$bGiuseppe$0124065 801 0$aIT$bUNIPARTHENOPE$gRICA$2UNIMARC 912 $a000004012 951 $a442/23$b9769$cNAVA2$d20020618 996 $aInternational organizations$938222 997 $aUNIPARTHENOPE LEADER 01467nam0 22003253i 450 001 MIL0079215 005 20231121125532.0 020 $aIT$b828334 100 $a20170404d1982 ||||0itac50 ba 101 | $aita 102 $ait 181 1$6z01$ai $bxxxe 182 1$6z01$an 200 1 $aIntroduzione all'aritmetica mercantile del Medioevo e del Rinascimento$erealizzata attraverso un'antologia degli scritti di Dionigi Gori (sec. 16.)$fRaffaella Franci, Laura Toti Rigatelli 210 $aUrbino$cQuattro venti$aSiena$cServizio editoriale dell'Università$d\1982! 215 $a126 p.$cill.$d23 cm. 606 $aAritmetica$xStoria$xSec. 13.-16.$2FIR$3UFIC032819$9I 606 $aMercanti$xNozioni di aritmetica$xItalia$xSec. 13.-16.$2FIR$3UFIC032980$9I 676 $a513.93$9MATEMATICA FINANZIARIA$v18 700 1$aFranci$b, Raffaella$3CFIV020527$4070$060400 701 1$aToti Rigatelli$b, Laura$3CFIV035350$4070$059716 790 1$aRigatelli Toti$b, Laura$3CFIV183893$zToti Rigatelli, Laura 801 3$aIT$bIT-01$c20170404 850 $aIT-FR0017 899 $aBiblioteca umanistica Giorgio Aprea$bFR0017 $eN 912 $aMIL0079215 950 0$aBiblioteca umanistica Giorgio Aprea$d 52SALA BRAGAC.M. 19$e 52ATE0000014555 VMB RS $fA $h20170404$i20170404 977 $a 52 996 $aIntroduzione all'aritmetica mercantile del Medioevo e del Rinascimento$93609262 997 $aUNICAS